000 00701cam a2200253 4500500
005 20260405002535.0
041 _afre
042 _adc
100 1 0 _aLegros, Martin
_eauthor
245 0 0 _aLe temps des incrédules
260 _c2017.
500 _a50
690 _aBaudrillard
690 _aDerrida
690 _aDonald Trump
690 _aFrench Theory
690 _aPost-vérité
690 _arelativisme
690 _aSocrate
690 _aSteve Tesich
690 _aVérité
786 0 _nPhilosophie magazine | 113 | 10 | 2017-10-01 | p. 22-24 | 1951-1787
856 4 1 _uhttps://shs.cairn.info/magazine-philosophie-magazine-2017-10-page-22?lang=fr&redirect-ssocas=7080
999 _c2058671
_d2058671